| Tag |
First Indicator |
Second Indicator |
Subfields |
| LEADER |
00000cam a2200000 a 4500 |
| 001 |
in00000771821 |
| 005 |
20151017050519.0 |
| 008 |
880629s1988 hiu b 10000 eng d |
| 020 |
|
|
|a 0824811755
|
| 035 |
|
|
|a (OCoLC)18151427
|
| 035 |
|
|
|9 ADK0941AM
|
| 040 |
|
|
|a JNA
|c JNA
|d TXA
|d UtOrBLW
|
| 043 |
|
|
|a a-cc---
|a n-us---
|a a------
|
| 049 |
|
|
|a TXAM
|c [A12694244]
|
| 050 |
|
4 |
|a E183.8.C5
|b S868 1988
|
| 245 |
0 |
0 |
|a Summaries of three bilateral conferences :
|b held in Beijing and Shanghai, the People's Republic of China, October 15-30, 1986 /
|c co-sponsored by Pacific Forum [and others].
|
| 264 |
|
1 |
|a Honolulu, Hawaii :
|b Pacific Forum :
|c [1988]
|
| 264 |
|
2 |
|a Honolulu, Hawaii :
|b Distributed by University Press of Hawaii,
|
| 264 |
|
4 |
|c ©1988
|
| 300 |
|
|
|a xv, 72 pages ;
|c 23 cm.
|
| 336 |
|
|
|a text
|b txt
|2 rdacontent
|
| 337 |
|
|
|a unmediated
|b n
|2 rdamedia
|
| 338 |
|
|
|a volume
|b nc
|2 rdacarrier
|
| 504 |
|
|
|a Includes bibliographical references.
|
| 651 |
|
0 |
|a China
|x Relations
|z United States
|x Congresses.
|
| 651 |
|
0 |
|a United States
|x Relations
|z China
|x Congresses.
|
| 650 |
|
0 |
|a National security
|z Asia
|v Congresses.
|
| 650 |
|
0 |
|a National security
|z Pacific Area
|v Congresses.
|
| 651 |
|
0 |
|a Asia
|x Politics and government
|x Congresses.
|
| 651 |
|
0 |
|a Pacific Area
|x Politics and government
|v Congresses.
|
| 710 |
2 |
|
|a Pacific Forum.
|
| 999 |
|
|
|a MARS
|
| 999 |
f |
f |
|s 63ceaf1e-f92c-34b5-9d3f-d15c77ee5a0b
|i 4c238c42-35fa-3de9-879c-331cc56d4f59
|t 0
|
| 952 |
f |
f |
|p ric
|a Texas A&M University
|b Rellis Campus
|c Joint Library Facility
|d Remote Storage
|t 0
|e E183.8.C5 S868 1988
|h Library of Congress classification
|i unmediated -- volume
|m A14812694244
|
| 998 |
f |
f |
|a E183.8.C5 S868 1988
|t 0
|l Remote Storage
|